[Event "Mistrzostwa Miedzywojewodzkie Juniorow OP-SL C11"]
[Site "OW ”Sudety” Pokrzywna "]
[Date "1899-12-30"]
[Round "4.11"]
[White "Chruszcz, Mariusz"]
[Black "Raclawicki, Tymoteusz"]
[Result "0-1"]
[WhiteTitle "III"]
[BlackTitle "III"]
[WhiteElo "1032"]
[BlackElo "1217"]

1. e4 c5 2. Nc3 Nc6 3. g3 g6 4. Bg2 Bg7 5. d3 d6 6. f4 e6 7. Be3 Nge7 8. Nf3 O-O
9. O-O Nd4 10. Ne2 Nec6 11. c3 Nxe2+ 12. Qxe2 b5 13. Rab1 a5 14. a3 Qe7 15. Qd2
Bb7 16. Rfd1 f5 17. Bh3 Na7 18. e5 Bxf3 19. Rf1 Bc6 20. exd6 Qxd6 21. Rbd1 Rfd8
22. Qf2 Qd5 23. Bg2 Qxg2+ 24. Qxg2 Bxg2 25. Kxg2 Rd5 26. c4 Rd7 27. Bxc5 Rad8
28. Rf3 bxc4 29. Bxa7 Rxa7 30. d4 Bxd4 31. Rff1 Rb7 32. Rfe1 Rxb2+ 33. Kh3 Kf7
34. a4 c3 35. Kh4 Rxh2+ 36. Kg5 Bf6# 0-1

[Event "Mistrzostwa Miedzywojewodzkie Juniorow OP-SL C11"]
[Site "OW ”Sudety” Pokrzywna "]
[Date "1899-12-30"]
[Round "4.13"]
[White "Grzybek, Mikolaj"]
[Black "Sputowski, Jakub"]
[Result "0-1"]
[WhiteTitle "II"]
[BlackTitle "II"]
[WhiteElo "1285"]
[BlackElo "1066"]

1. e4 c5 2. Nf3 e6 3. d4 cxd4 4. Nxd4 Nc6 5. Nc3 a6 6. Be3 Qc7 7. Qd2 Bb4 8. Nxc6
bxc6 9. f3 Nf6 10. O-O-O d5 11. Bg5 Bd6 12. f4 Bb4 13. Bxf6 gxf6 14. exd5 cxd5
15. f5 Bxc3 16. Qxc3 Qxc3 17. bxc3 Bb7 18. fxe6 fxe6 19. Bd3 Ke7 20. Rhe1 e5 21.
Bf5 h6 22. Kd2 Bc8 23. Bxc8 Raxc8 24. Rb1 Rhg8 25. g3 Rb8 26. Rb3 a5 27. Ra3 Rb5
28. c4 dxc4 29. Re4 Rc8 30. Kc3 Rbc5 31. Rh4 Ke6 32. Rxh6 Rd8 33. Rh4 f5 34. Rh6+
Kf7 35. Rh4 e4 36. Kb2 Ke6 37. g4 f4 38. Rh6+ Kf7 39. Rhh3 f3 40. Rhxf3+ exf3
41. Rxf3+ Kg6 42. h4 Rd4 43. Rg3 c3+ 44. Rxc3 Rxc3 45. Kxc3 Rxg4 0-1

[Event "Mistrzostwa Miedzywojewodzkie Juniorow OP-SL C11"]
[Site "OW ”Sudety” Pokrzywna "]
[Date "1899-12-30"]
[Round "4.14"]
[White "Kotowicz, Kamil"]
[Black "Myszor, Przemyslaw"]
[Result "1/2-1/2"]
[WhiteTitle "II"]
[BlackTitle "II"]
[WhiteElo "1167"]
[BlackElo "1076"]

1. d4 e6 2. c4 d5 3. Nc3 Nf6 4. Bf4 c5 5. e3 a6 6. Nf3 Nc6 7. Bd3 Qb6 8. cxd5 Nxd5
9. Nxd5 exd5 10. Rb1 Be6 11. O-O Be7 12. dxc5 Bxc5 13. Qc2 Nb4 14. Qb3 Nxd3 15.
Qxd3 f6 16. a3 Bd6 17. Bxd6 Qxd6 18. Nd4 O-O 19. Rfc1 Rac8 20. b4 Rxc1+ 21. Rxc1
Rc8 22. Rxc8+ Bxc8 23. Qc3 Bd7 24. g3 b6 25. Kf1 Kf7 26. Ke2 Ke8 27. Kd2 Kd8 28.
Qc2 h6 29. Qg6 Qe7 30. h3 a5 31. Qb1 Qd6 32. h4 axb4 33. Qxb4 Qxb4+ 34. axb4 Kc7
35. Kc3 Kd6 36. f4 f5 37. h5 Ke7 38. b5 Kd6 39. Kb4 Kc7 40. Nf3 Be6 41. Nh4 Kd6
42. Ng6 Bf7 43. Nh4 1/2-1/2

[Event "Mistrzostwa Miedzywojewodzkie Juniorow OP-SL C11"]
[Site "OW ”Sudety” Pokrzywna "]
[Date "1899-12-30"]
[Round "5.1"]
[White "Herwy, Jakub"]
[Black "Bogusz, Alan"]
[Result "1/2-1/2"]
[WhiteTitle "II+"]
[BlackTitle "II+"]
[WhiteElo "1331"]
[BlackElo "1754"]

1. e4 c5 2. c4 Nc6 3. Nc3 g6 4. Nge2 Bg7 5. d3 d6 6. g3 e6 7. Bg2 Nge7 8. O-O O-O
9. Be3 Nd4 10. Qd2 Nec6 11. h3 Rb8 12. f4 a6 13. Rae1 Bd7 14. Kh2 b5 15. b3 Qa5
16. Rd1 Nxe2 17. Nxe2 Qxd2 18. Rxd2 Nd4 19. Nxd4 cxd4 20. Bg1 a5 21. Re1 e5 22.
fxe5 dxe5 23. Kh1 h5 24. Kh2 f6 25. Bf3 Kf7 26. Rf1 Ke7 27. Bf2 b4 28. Be1 Kd6
29. Bd1 Kc5 30. a3 Ra8 31. Ra2 Rfc8 32. Ra1 Rcb8 33. Rf2 Rd8 34. Rfa2 Bc6 35.
axb4+ axb4 36. Ra5+ Rxa5 37. Rxa5+ Kb6 38. Bxb4 Bf8 39. Bd2 Ra8 40. Rxa8 Bxa8
41. b4 Bc6 42. Kg1 Bd7 43. h4 Bg7 44. Kf2 Bf8 45. Ke1 Ka6 46. Be2 Kb6 47. Kd1
Bc8 48. Kc2 Bd7 49. Kb3 Be6 50. Ka4 Bd7+ 51. b5 Bc5 52. Bd1 Bc8 53. Ba5+ Kb7 54.
Bf3 Bg4 55. Bxg4 hxg4 56. Bd8 f5 57. exf5 gxf5 58. Bf6 f4 59. Bxe5 f3 1/2-1/2

[Event "Mistrzostwa Miedzywojewodzkie Juniorow OP-SL C11"]
[Site "OW ”Sudety” Pokrzywna "]
[Date "1899-12-30"]
[Round "5.2"]
[White "Karut, Kacper"]
[Black "Wiatrowski, Zbigniew"]
[Result "1/2-1/2"]
[WhiteTitle "II"]
[BlackTitle "II"]
[WhiteElo "1190"]
[BlackElo "1403"]

1. e4 c5 2. Nf3 e6 3. d4 cxd4 4. Nxd4 Nf6 5. Nc3 Nc6 6. Bg5 Bb4 7. Nxc6 bxc6 8.
Bd3 Qa5 9. Bd2 Qc7 10. Qe2 d5 11. exd5 cxd5 12. O-O O-O 13. a3 Bxc3 14. Bxc3 Qd8
15. Qf3 Bd7 16. Bxf6 Qxf6 17. Qxf6 gxf6 18. Rfc1 Rab8 19. Rab1 Bb5 20. Bxb5 Rxb5
21. c4 dxc4 22. Rxc4 Rfb8 23. b4 a5 24. Kf1 f5 25. Ke2 Kg7 26. Kd3 Kf6 27. Kc3
Ke5 28. a4 axb4+ 29. Rcxb4 Rc8+ 30. Kd2 Rd5+ 31. Ke1 Rc2 32. Rb5 Ra2 33. Rxd5+
Kxd5 34. Rb4 Kc5 35. Rh4 Kb6 36. Rxh7 Rxa4 37. Rxf7 Ra1+ 38. Ke2 Ra2+ 39. Kf3
Ra3+ 40. Kf4 Ra2 41. Kg3 Kc6 42. h4 Ra4 43. f3 Ra8 44. Rg7 Rh8 45. Rg5 Kd6 46.
h5 Ke5 47. Kh4 Kf4 1/2-1/2

[Event "Mistrzostwa Miedzywojewodzkie Juniorow OP-SL C11"]
[Site "OW ”Sudety” Pokrzywna "]
[Date "1899-12-30"]
[Round "5.3"]
[White "Goszyk, Bartosz"]
[Black "Czernecki, Andrzej"]
[Result "1/2-1/2"]
[WhiteTitle "II"]
[BlackTitle "II+"]
[WhiteElo "1270"]
[BlackElo "1462"]

1. e4 c5 2. Nf3 d6 3. d4 cxd4 4. Nxd4 Nf6 5. Nc3 Nc6 6. g3 g6 7. Bg2 Bg7 8. Nxc6
bxc6 9. O-O Ba6 10. Re1 Nd7 11. Be3 O-O 12. Qd2 Ne5 13. b3 Ng4 14. Bd4 Bh6 15.
f4 e5 16. Be3 Nxe3 17. Qxe3 exf4 18. gxf4 Bg7 19. Rad1 Re8 20. Qd2 Qa5 21. Na4
Qxd2 22. Rxd2 d5 23. Rdd1 dxe4 24. Nc5 Bc8 25. Nxe4 Bg4 26. Rc1 Bb2 27. Rb1 Bd4+
28. Kf1 Re6 29. Ng5 Rf6 30. Re4 Bc3 31. Rc4 Bd2 32. Bxc6 Rc8 33. Bd5 Rxc4 34.
Bxc4 Rxf4+ 35. Kg2 Rxc4 36. bxc4 Bxg5 37. Rb8+ Kg7 38. c5 Be6 39. Kf2 Bd7 40.
Rb7 Bc6 41. Rc7 Bd5 42. Rxa7 Bf4 43. h3 Kf6 44. a4 Ke6 45. Ke2 Bb8 46. Ra6+ Kd7
47. Kd3 f5 48. c4 Bc6 49. Kd4 f4 1/2-1/2

[Event "Mistrzostwa Miedzywojewodzkie Juniorow OP-SL C11"]
[Site "OW ”Sudety” Pokrzywna "]
[Date "1899-12-30"]
[Round "5.4"]
[White "Bochenek, Ryszard"]
[Black "Norek, Maciej"]
[Result "1-0"]
[WhiteTitle "II"]
[BlackTitle "II+"]
[WhiteElo "1233"]
[BlackElo "1447"]

1. d4 Nf6 2. g3 d6 3. Bg2 c6 4. c4 Bf5 5. Nc3 h6 6. e4 Bh7 7. Nge2 Nbd7 8. O-O
e5 9. f4 Be7 10. b3 Qc7 11. Bf3 O-O-O 12. d5 Qb6+ 13. Kh1 c5 14. a3 Rdg8 15. Be3
Qd8 16. b4 b6 17. Qa4 Kb7 18. Qc6+ Kb8 19. bxc5 bxc5 20. Rab1+ Nb6 21. a4 Qc7
22. a5 Qxc6 23. dxc6 Kc7 24. axb6+ axb6 25. Nd5+ Nxd5 26. cxd5 exf4 27. Bxf4 g5
28. Bd2 f5 29. exf5 Bxf5 30. Ra1 Ra8 31. Nc3 Bd3 32. Be2 Bxe2 33. Nxe2 Rxa1 34.
Rxa1 Kb8 35. Rf1 Rf8 36. Rxf8+ Bxf8 37. Nc3 Bg7 38. Kg2 Be5 39. Kf3 Kc7 40. Nb5+
Kd8 41. Bc3 Bxc3 42. Nxc3 Ke7 43. Na4 c4 44. Nxb6 Kd8 45. Nxc4 Kc7 46. Kg4 1-0

[Event "Mistrzostwa Miedzywojewodzkie Juniorow OP-SL C11"]
[Site "OW ”Sudety” Pokrzywna "]
[Date "1899-12-30"]
[Round "5.5"]
[White "Myrmus, Mateusz"]
[Black "Jendrowiak, Maciej"]
[Result "1-0"]
[WhiteTitle "II"]
[BlackTitle "II"]
[WhiteElo "1385"]
[BlackElo "1225"]

1. e4 e5 2. Nf3 Nc6 3. d4 exd4 4. Nxd4 Bc5 5. Be3 Qf6 6. Nb5 Bxe3 7. fxe3 Qh4+
8. g3 Qxe4 9. Nxc7+ Kd8 10. Nxa8 Qxh1 11. Qd6 Nge7 12. Nd2 Qd5 13. Qc7+ Ke8 14.
Qxc8+ Nxc8 15. Nc7+ Ke7 16. Nxd5+ Kd6 17. Nc3 Re8 18. O-O-O Kc7 19. Re1 N8e7 20.
Kd1 Ng6 21. Bg2 Nce5 22. Nd5+ Kb8 23. Nf4 Ng4 24. Nf1 N6e5 25. b3 Rc8 26. Nd3
Ng6 27. h3 Nf6 28. e4 Ne8 29. e5 Nc7 30. a4 Ne6 31. Nd2 Ne7 32. Be4 a6 33. a5
f6 34. exf6 gxf6 35. Nf4 Nc5 36. Bxh7 Nc6 37. h4 Na7 38. Bg6 Nb5 39. Re8 Nc3+
40. Kc1 Rxe8 41. Bxe8 Kc8 42. h5 Kd8 43. h6 Kxe8 44. h7 Kf7 45. h8=Q Ke7 46. Qh7+
Kd8 47. Qg8+ Kc7 48. Qc4 1-0

[Event "Mistrzostwa Miedzywojewodzkie Juniorow OP-SL C11"]
[Site "OW ”Sudety” Pokrzywna "]
[Date "1899-12-30"]
[Round "5.6"]
[White "Grodzicki, Piotr"]
[Black "Pisarek, Jan"]
[Result "1/2-1/2"]
[WhiteTitle "II"]
[BlackTitle "II"]
[WhiteElo "1169"]
[BlackElo "1371"]

1. b3 d5 2. Bb2 Nf6 3. e3 c6 4. c4 Qc7 5. Nf3 Bg4 6. h3 Bh5 7. d3 Nbd7 8. Be2 Bxf3
9. Bxf3 e5 10. Nd2 Bd6 11. Rc1 Qd8 12. O-O O-O 13. cxd5 cxd5 14. Rc2 Qe7 15. g3
Rfe8 16. Bg2 Nc5 17. Qe2 e4 18. dxe4 dxe4 19. Nc4 Nd3 20. Nxd6 Qxd6 21. Rd1 Rad8
22. Rcd2 Qb6 23. Bxf6 Qxf6 24. Bxe4 Nc5 25. Bg2 b6 26. b4 Ne6 27. Rd7 Qc3 28.
Qd2 Rxd7 29. Qxd7 Rf8 30. Qxa7 Qxb4 31. Rd7 Nc5 32. Rd4 Qb5 33. Qe7 Qb1+ 34. Bf1
Qxa2 35. Rd8 Ne6 36. Rxf8+ Nxf8 37. Qc7 Qb1 38. Qd8 h6 39. Qb8 b5 40. Qxb5 Qg6
41. Bd3 Qf6 42. Qf5 Qa1+ 1/2-1/2

[Event "Mistrzostwa Miedzywojewodzkie Juniorow OP-SL C11"]
[Site "OW ”Sudety” Pokrzywna "]
[Date "1899-12-30"]
[Round "5.7"]
[White "Jasionowski, Filip"]
[Black "Cieply, Krzysztof"]
[Result "0-1"]
[WhiteTitle "II"]
[BlackTitle "II"]
[WhiteElo "1149"]
[BlackElo "1302"]

1. e4 c5 2. Nf3 Nc6 3. d4 cxd4 4. Nxd4 Nf6 5. Nc3 e5 6. Nxc6 bxc6 7. Bc4 Bb4 8.
f3 d5 9. exd5 cxd5 10. Bb5+ Bd7 11. Bxd7+ Qxd7 12. Bd2 O-O 13. O-O Bxc3 14. Bxc3
d4 15. Bd2 Qc7 16. Bg5 Qb6 17. Bxf6 Qxf6 18. Qd3 Qb6 19. b3 Rac8 20. Kh1 Rc3 21.
Qe2 f6 22. f4 Qc5 23. Rf2 Rc8 24. Qa6 Rxc2 25. Rxc2 Qxc2 26. h3 Qc7 27. Re1 Qc6
28. Qxa7 Ra8 29. Qe7 Rxa2 30. Rg1 Ra8 31. fxe5 Re8 32. Qd6 Qxd6 33. exd6 Rd8 34.
Rd1 Rxd6 35. Kg1 Kf7 36. Kf2 Ke6 37. Kf3 Kd5 38. Rc1 Rd7 39. b4 Rb7 40. Rb1 Rb5
41. g4 Kc4 42. Ke4 Re5+ 43. Kf3 d3 44. Rd1 Kc3 45. b5 Rxb5 46. Rc1+ Kd2 47. Rc7
Kd1 48. Rxg7 d2 49. Rxh7 Rd5 50. Ra7 Rd3+ 51. Ke4 Rxh3 52. Kf5 Rg3 53. Kf4 Rc3
54. Rd7 Kc2 55. Kf5 Rd3 56. Rxd3 Kxd3 57. Kxf6 d1=Q 58. g5 Qf3+ 59. Kg7 Ke4 60.
g6 Ke5 61. Kh8 Kf6 62. g7 Qh5+ 63. Kg8 Qh6 64. Kf8 Qxg7+ 65. Ke8 Qe7# 0-1

[Event "Mistrzostwa Miedzywojewodzkie Juniorow OP-SL C11"]
[Site "OW ”Sudety” Pokrzywna "]
[Date "1899-12-30"]
[Round "5.8"]
[White "Chmiel, Pawel"]
[Black "Sidlo, Szymon"]
[Result "1-0"]
[WhiteTitle "III"]
[BlackTitle "II"]
[WhiteElo "1295"]
[BlackElo "1148"]

1. e4 c5 2. Nf3 e6 3. d4 cxd4 4. Nxd4 a6 5. Bd3 b5 6. O-O Bb7 7. Kh1 d6 8. a3 Nd7
9. Nc3 Qc7 10. h3 Nc5 11. f4 Nxd3 12. Qxd3 Qc4 13. Qxc4 bxc4 14. e5 d5 15. f5
Kd7 16. fxe6+ fxe6 17. Rf7+ Be7 18. Rxg7 Rf8 19. Na4 Rf1+ 20. Kh2 Bc6 21. Nc5+
Ke8 22. Ncxe6 Bd7 23. Nc7+ Kf8 24. Rxe7 Rxc1 25. Rxc1 Nxe7 26. Rf1+ Kg7 27. e6
Be8 28. Nxa6 Rf8 29. Rxf8 Kxf8 30. Nc7 Ba4 31. b3 cxb3 32. cxb3 Be8 33. Nxe8 Kxe8
34. b4 Nc8 35. b5 Ke7 36. a4 Kd6 37. a5 Kc5 38. b6 Nd6 39. e7 Kxd4 40. e8=Q Nxe8
41. b7 Kc5 42. b8=Q 1-0

[Event "Mistrzostwa Miedzywojewodzkie Juniorow OP-SL C11"]
[Site "OW ”Sudety” Pokrzywna "]
[Date "1899-12-30"]
[Round "5.9"]
[White "Raclawicki, Tymoteusz"]
[Black "Sputowski, Jakub"]
[Result "0-1"]
[WhiteTitle "III"]
[BlackTitle "II"]
[WhiteElo "1217"]
[BlackElo "1066"]

1. e4 c5 2. Nf3 e6 3. d4 cxd4 4. Nxd4 Nc6 5. Nc3 a6 6. a3 Qc7 7. g3 Nf6 8. Bg2
Be7 9. O-O O-O 10. Be3 Rb8 11. f4 d6 12. g4 Nxd4 13. Bxd4 e5 14. Be3 Bxg4 15.
Bf3 Qd7 16. fxe5 dxe5 17. Nd5 Be6 18. Bg2 Bh3 19. Nxf6+ Bxf6 20. Qh5 Bg4 21. Bh3
Bxh3 22. Rxf6 gxf6 23. Kh1 Kh8 24. Qh4 Qg4 25. Qxf6+ Qg7 26. Bg5 h6 27. Qf3 Qxg5
28. Qxh3 Qf4 29. Rf1 Qxe4+ 30. Rf3 Kh7 31. Qg2 Qg6 32. Rg3 Qf6 33. Qe4+ Kh8 34.
Qe3 Rg8 35. Rf3 Qe6 36. Rh3 Rg6 37. b3 Rbg8 38. Rg3 Rxg3 39. hxg3 Qh3+ 40. Kg1
Rxg3+ 41. Qxg3 Qxg3+ 0-1

[Event "Mistrzostwa Miedzywojewodzkie Juniorow OP-SL C11"]
[Site "OW ”Sudety” Pokrzywna "]
[Date "1899-12-30"]
[Round "5.10"]
[White "Miler, Franciszek"]
[Black "Maslanka, Wojciech"]
[Result "0-1"]
[WhiteTitle "III"]
[BlackTitle "II"]
[WhiteElo "1131"]
[BlackElo "1283"]

1. e4 e6 2. d4 d5 3. e5 c5 4. Nf3 Nc6 5. Bd3 cxd4 6. O-O Nge7 7. Bf4 Ng6 8. Bg3
a6 9. Nbd2 Bc5 10. Nb3 Bb6 11. Bxg6 hxg6 12. Nfxd4 Bd7 13. c3 Bc7 14. Nxc6 Bxc6
15. Nd4 Qd7 16. f4 Bb6 17. Kh1 Bd8 18. Qg4 Be7 19. b4 Rh7 20. h3 Rc8 21. Rac1
Qd8 22. Nxe6 Qd7 23. f5 gxf5 24. Qxf5 g6 25. Qd3 Qxe6 26. c4 dxc4 27. Qd2 Qxh3+
28. Kg1 Qh1+ 29. Kf2 Qxg2+ 30. Ke3 Qxg3+ 31. Ke2 Rh2+ 32. Kd1 Rxd2+ 0-1

[Event "Mistrzostwa Miedzywojewodzkie Juniorow OP-SL C11"]
[Site "OW ”Sudety” Pokrzywna "]
[Date "1899-12-30"]
[Round "5.12"]
[White "Rzepka, Marcin"]
[Black "Chruszcz, Mariusz"]
[Result "1/2-1/2"]
[WhiteTitle "III"]
[BlackTitle "III"]
[WhiteElo "1102"]
[BlackElo "1032"]

1. e4 e5 2. Nf3 Nc6 3. Bc4 Nf6 4. Ng5 d5 5. exd5 Na5 6. d3 h6 7. Nf3 Bd6 8. Nc3
Bg4 9. h3 Bh5 10. O-O O-O 11. Re1 Re8 12. Bb5 Re7 13. Ne4 Nxd5 14. Nxd6 cxd6 15.
Qe2 a6 16. Bc4 Nxc4 17. dxc4 Nf6 18. Qe3 Bxf3 19. Qxf3 Rc8 20. b3 b5 21. Qg3 Nh5
22. Qd3 Qc7 23. Ba3 Rd8 24. Rac1 Qc6 25. Qe4 Qxe4 26. Rxe4 Re6 27. Rd1 bxc4 28.
Rxc4 d5 29. Rc5 Nf6 30. f3 Kh7 31. Bb2 Rd7 32. Re1 Rde7 33. Ba3 Re8 34. Bb2 Kg6
35. Kf2 R8e7 36. Rc3 Re8 37. Rce3 Nd7 38. g3 Kf6 39. f4 g6 40. g4 R8e7 41. Kg3
Re8 42. h4 g5 43. fxg5+ hxg5 44. Rf1+ Kg6 45. h5+ Kg7 46. Rf5 f6 1/2-1/2

[Event "Mistrzostwa Miedzywojewodzkie Juniorow OP-SL C11"]
[Site "OW ”Sudety” Pokrzywna "]
[Date "1899-12-30"]
[Round "5.13"]
[White "Martyniak, Milosz"]
[Black "Kotowicz, Kamil"]
[Result "1-0"]
[WhiteTitle "II"]
[BlackTitle "II"]
[WhiteElo "1224"]
[BlackElo "1167"]

1. d4 g6 2. b3 d5 3. Bb2 Bg7 4. Nf3 c6 5. e3 Nf6 6. Bd3 O-O 7. Nbd2 b6 8. O-O Na6
9. a3 Nc7 10. Qe2 Bb7 11. Rac1 e6 12. c4 Rc8 13. Rfe1 Re8 14. Ne5 Qe7 15. Rc2
Nd7 16. Nxd7 Qxd7 17. Rec1 f6 18. Qg4 Qd6 19. f4 dxc4 20. Bxc4 b5 21. Be2 Nd5
22. Qf3 f5 23. b4 Ba8 24. Bxb5 Ne7 25. Bc4 c5 26. dxc5 Qd7 27. Qe2 Bd5 28. Bxg7
Kxg7 29. Bxd5 Nxd5 30. Qd3 Red8 31. Qd4+ Kf7 32. Nc4 Kg8 33. Ne5 Qb7 34. c6 Qc7
35. Nd7 Nb6 36. b5 Nxd7 37. cxd7 Qxd7 38. Qxd7 Rxd7 39. Rxc8+ 1-0

[Event "Mistrzostwa Miedzywojewodzkie Juniorow OP-SL C11"]
[Site "OW ”Sudety” Pokrzywna "]
[Date "1899-12-30"]
[Round "6.1"]
[White "Cieply, Krzysztof"]
[Black "Herwy, Jakub"]
[Result "0-1"]
[WhiteTitle "II"]
[BlackTitle "II+"]
[WhiteElo "1302"]
[BlackElo "1331"]

1. d4 Nf6 2. Nf3 g6 3. Bf4 Bg7 4. e3 O-O 5. Bd3 d6 6. Nbd2 Nbd7 7. O-O c5 8. c3
b6 9. h3 Bb7 10. Qe2 Re8 11. Rfe1 e5 12. dxe5 dxe5 13. Bh2 e4 14. Bc4 exf3 15.
Nxf3 Bxf3 16. Qxf3 Ne5 17. Bxe5 Rxe5 18. Rad1 Qf8 19. Qb7 Re7 20. Qf3 Rd8 21.
Rc1 Nd7 22. Bb3 Ne5 23. Qe2 Nd3 24. Rcd1 Nxe1 25. Rxe1 Red7 26. Qf3 Rd2 27. Rb1
Qe8 28. a3 b5 29. Bd1 Qd7 30. Be2 a6 31. c4 Qf5 32. Qxf5 gxf5 33. Bf3 bxc4 34.
Rc1 Bxb2 35. Rxc4 Bxa3 36. Ra4 Bb4 37. Rxa6 c4 38. Rc6 c3 39. Rc4 c2 40. Rc7 R8d3
41. Bh5 Rc3 42. Rxc3 Bxc3 43. Kh2 c1=Q 44. Kg3 Be5+ 45. f4 Qe1+ 46. Kh2 Qf2 47.
Bf3 Qxf3 48. e4 Qxg2# 0-1

[Event "Mistrzostwa Miedzywojewodzkie Juniorow OP-SL C11"]
[Site "OW ”Sudety” Pokrzywna "]
[Date "1899-12-30"]
[Round "6.2"]
[White "Bogusz, Alan"]
[Black "Myrmus, Mateusz"]
[Result "1-0"]
[WhiteTitle "II+"]
[BlackTitle "II"]
[WhiteElo "1754"]
[BlackElo "1385"]

1. d4 d5 2. c4 Nc6 3. Nc3 dxc4 4. e3 Nf6 5. Bxc4 Bf5 6. Nf3 e6 7. a3 Be7 8. b4
O-O 9. O-O Ne4 10. Bb2 a6 11. Nxe4 Bxe4 12. Bd3 Bxd3 13. Qxd3 Bf6 14. Rfd1 a5
15. b5 Ne7 16. e4 g6 17. Rac1 c6 18. bxc6 Nxc6 19. Qb5 Qb8 20. d5 Ne5 21. Bxe5
Bxe5 22. dxe6 f6 23. Nxe5 fxe5 24. Qd5 Rd8 25. Qb3 Rxd1+ 26. Rxd1 Kf8 27. Rd7
Qe8 28. Qh3 h5 29. Qf3+ Kg8 30. Qf6 Qf8 31. Qxg6+ 1-0

[Event "Mistrzostwa Miedzywojewodzkie Juniorow OP-SL C11"]
[Site "OW ”Sudety” Pokrzywna "]
[Date "1899-12-30"]
[Round "6.3"]
[White "Wiatrowski, Zbigniew"]
[Black "Bochenek, Ryszard"]
[Result "1-0"]
[WhiteTitle "II"]
[BlackTitle "II"]
[WhiteElo "1403"]
[BlackElo "1233"]

1. e4 e6 2. d4 d5 3. Nd2 dxe4 4. Nxe4 Bd7 5. Nf3 Bc6 6. Bd3 Nd7 7. c3 Ngf6 8. Nxf6+
Nxf6 9. Qe2 Bd6 10. Be3 Qd7 11. a3 O-O 12. O-O Nd5 13. Rac1 Nf4 14. Bxf4 Bxf4
15. Rcd1 Qd6 16. Ne5 Bxe5 17. dxe5 Qe7 18. b4 Qg5 19. f4 Qe7 20. b5 Bd7 21. Rf3
Qxa3 22. Bxh7+ Kxh7 23. Rh3+ Kg8 24. Qh5 f5 25. Qh7+ Kf7 26. Rxd7+ Ke8 27. Rhd3
Qc1+ 28. Rd1 Qe3+ 29. Kh1 Qxf4 30. Qg6+ Rf7 31. Qxf7# 1-0

[Event "Mistrzostwa Miedzywojewodzkie Juniorow OP-SL C11"]
[Site "OW ”Sudety” Pokrzywna "]
[Date "1899-12-30"]
[Round "6.4"]
[White "Czernecki, Andrzej"]
[Black "Karut, Kacper"]
[Result "1-0"]
[WhiteTitle "II+"]
[BlackTitle "II"]
[WhiteElo "1462"]
[BlackElo "1190"]

1. e4 c5 2. Nf3 e6 3. d4 cxd4 4. Nxd4 a6 5. Bd3 Nf6 6. O-O d6 7. Qe2 b5 8. a4 b4
9. Nd2 Bb7 10. Nc4 Nbd7 11. Be3 Be7 12. f3 O-O 13. a5 Qc8 14. Nb3 Re8 15. Bb6
d5 16. Ncd2 Nxb6 17. axb6 Bc5+ 18. Nxc5 Qxc5+ 19. Qf2 Nd7 20. Qxc5 Nxc5 21. Ra5
Rec8 22. Nb3 Nxb3 23. cxb3 Rc6 24. exd5 exd5 25. Rxd5 Rxb6 26. Rd7 Re8 27. Bc4
Rf8 28. Re1 Bc8 29. Ra7 Be6 30. Bxe6 fxe6 31. Ra1 Rd8 32. Kf1 e5 33. Ke2 Rdd6
34. Ra5 Re6 35. Rc5 Rbc6 36. Rc4 Rb6 37. Rc8+ 1-0

[Event "Mistrzostwa Miedzywojewodzkie Juniorow OP-SL C11"]
[Site "OW ”Sudety” Pokrzywna "]
[Date "1899-12-30"]
[Round "6.5"]
[White "Pisarek, Jan"]
[Black "Goszyk, Bartosz"]
[Result "1-0"]
[WhiteTitle "II"]
[BlackTitle "II"]
[WhiteElo "1371"]
[BlackElo "1270"]

1. e4 c5 2. Nf3 d6 3. d4 cxd4 4. Nxd4 Nf6 5. Nc3 g6 6. Be3 Bg7 7. f3 O-O 8. g4
Nc6 9. h4 h5 10. g5 Nd7 11. Qd2 Nde5 12. Be2 Bd7 13. O-O-O a6 14. Rdf1 b5 15.
f4 Nxd4 16. Bxd4 Nc6 17. Bxg7 Kxg7 18. f5 Kh7 19. Qd1 Rh8 20. Rhg1 Qa5 21. fxg6+
Kxg6 22. Nd5 Qxa2 23. Bxh5+ Rxh5 24. Nf4+ Kg7 25. Nxh5+ Kh8 26. Qd5 Qxd5 27. exd5
Ne5 28. Nf4 Bf5 29. Ne2 Bg6 30. h5 Bh7 31. g6 fxg6 32. hxg6 Bxg6 33. Nf4 Rg8 34.
Nxg6+ Rxg6 35. Rxg6 Nxg6 36. Kd2 Kg7 37. Kc3 Ne5 38. Ra1 Kf6 39. Rxa6 Nc4 40.
Rc6 Ne3 41. Kd4 Nf5+ 42. Ke4 e6 43. dxe6 Kxe6 44. Rb6 Ne7 45. Rxb5 d5+ 46. Kd3
Kd6 47. Rb6+ Kc5 48. Re6 Nc6 49. Rxc6+ Kxc6 50. Kd4 Kd6 51. b3 Kc6 52. b4 Kb5
53. Kxd5 Kxb4 54. c4 Ka5 55. c5 Ka6 56. Kd6 Kb7 57. Kd7 Kb8 58. c6 Ka8 59. c7
Kb7 60. c8=Q+ Ka7 61. Qc1 1-0

[Event "Mistrzostwa Miedzywojewodzkie Juniorow OP-SL C11"]
[Site "OW ”Sudety” Pokrzywna "]
[Date "1899-12-30"]
[Round "6.6"]
[White "Sputowski, Jakub"]
[Black "Chmiel, Pawel"]
[Result "1-0"]
[WhiteTitle "II"]
[BlackTitle "III"]
[WhiteElo "1066"]
[BlackElo "1295"]

1. e4 e5 2. Nc3 Nc6 3. Nf3 Bc5 4. Bc4 Nf6 5. d3 h6 6. Be3 Bb6 7. Nd5 d6 8. h3 O-O
9. a4 Bd7 10. c3 Nxd5 11. Bxd5 Kh8 12. Qd2 Bxe3 13. fxe3 Qc8 14. d4 exd4 15. exd4
Ne7 16. Bb3 f5 17. e5 dxe5 18. Nxe5 Be6 19. Bxe6 Qxe6 20. O-O Nd5 21. Rae1 f4
22. Qd3 Qf5 23. Ng6+ Kg8 24. Qxf5 Rxf5 25. c4 Rf6 26. Ne7+ Nxe7 27. Rxe7 Rc8 28.
Re4 Rcf8 29. Re7 R6f7 30. Rfe1 g5 31. Kf2 a5 32. Kf3 Kg7 33. R1e6 h5 34. d5 b6
35. Rxf7+ Rxf7 36. Rc6 Re7 37. c5 bxc5 38. Rxc5 Re3+ 39. Kf2 g4 40. Rxc7+ Kf6
41. d6 g3+ 42. Kf1 Rd3 43. Rc5 h4 44. Ke2 Rb3 45. Rd5 Rxb2+ 46. Kf3 Rf2+ 47. Kg4
f3 48. d7 fxg2 49. d8=Q+ Kg6 50. Rd6+ Kf7 51. Qc7+ Kg8 52. Rd8+ Rf8 53. Rxf8+
Kxf8 54. Qc1 1-0

[Event "Mistrzostwa Miedzywojewodzkie Juniorow OP-SL C11"]
[Site "OW ”Sudety” Pokrzywna "]
[Date "1899-12-30"]
[Round "6.7"]
[White "Jendrowiak, Maciej"]
[Black "Grodzicki, Piotr"]
[Result "1-0"]
[WhiteTitle "II"]
[BlackTitle "II"]
[WhiteElo "1225"]
[BlackElo "1169"]

1. d4 c6 2. c4 d5 3. Nc3 Nf6 4. e3 a6 5. Nf3 Bf5 6. cxd5 cxd5 7. Qb3 Qd7 8. Ne5
Qc8 9. Nxd5 Nxd5 10. Qxd5 e6 11. Qf3 Nd7 12. e4 Nxe5 13. dxe5 Qc2 14. Bd3 Bb4+
15. Kf1 Bxe4 16. Bxe4 1-0

[Event "Mistrzostwa Miedzywojewodzkie Juniorow OP-SL C11"]
[Site "OW ”Sudety” Pokrzywna "]
[Date "1899-12-30"]
[Round "6.8"]
[White "Bernacki, Michal"]
[Black "Norek, Maciej"]
[Result "0-1"]
[WhiteTitle "II"]
[BlackTitle "II+"]
[WhiteElo "1118"]
[BlackElo "1447"]

1. Nf3 d5 2. d4 e6 3. c3 Nf6 4. Bf4 Be7 5. e3 O-O 6. Bd3 c5 7. b3 Nc6 8. O-O Nh5
9. Bg3 Nxg3 10. fxg3 h6 11. Qc2 Bd7 12. Nbd2 Rc8 13. a3 Qb6 14. Qb2 Rfe8 15. b4
c4 16. Bc2 e5 17. Ba4 e4 18. Bxc6 bxc6 19. Ne1 Bg5 20. Nc2 h5 21. Rf2 Re7 22.
Re1 Bh6 23. Qc1 Qc7 24. a4 a5 25. Qa3 Ree8 26. Ra1 Ra8 27. Raf1 Rf8 28. Ra1 f5
29. Raf1 g5 30. Qa2 Rae8 31. Qa3 f4 32. gxf4 gxf4 33. exf4 e3 34. Nxe3 Rxe3 35.
g3 Bh3 36. Rc1 h4 37. Qa2 hxg3 38. Nxc4 gxf2+ 39. Qxf2 Qg7+ 40. Kh1 Qg2+ 41. Qxg2+
Bxg2+ 42. Kxg2 dxc4 0-1

[Event "Mistrzostwa Miedzywojewodzkie Juniorow OP-SL C11"]
[Site "OW ”Sudety” Pokrzywna "]
[Date "1899-12-30"]
[Round "6.9"]
[White "Maslanka, Wojciech"]
[Black "Jasionowski, Filip"]
[Result "1-0"]
[WhiteTitle "II"]
[BlackTitle "II"]
[WhiteElo "1283"]
[BlackElo "1149"]

1. e4 c6 2. d4 d5 3. exd5 cxd5 4. c4 Nf6 5. cxd5 Nxd5 6. Nc3 Nxc3 7. bxc3 e6 8.
Nf3 Bd6 9. Bd3 Bd7 10. O-O Bc6 11. c4 Qc7 12. h3 Nd7 13. Re1 O-O 14. c5 Be7 15.
Bc2 Bf6 16. Ng5 g6 17. Ne4 Bg7 18. Nd6 Nf6 19. Bf4 Qe7 20. Nc4 Rfd8 21. Bd6 Qe8
22. Ne5 Rac8 23. Nxc6 Qxc6 24. Be7 Rxd4 25. Qxd4 Nd5 26. Qh4 Bxa1 27. Rxa1 Nxe7
28. Qxe7 Qxc5 29. Qxc5 Rxc5 30. Be4 b6 31. Rd1 Ra5 32. Rd2 Rc5 33. Rc2 Rxc2 34.
Bxc2 Kf8 35. Kf1 Ke7 36. Ke2 Kd6 37. Kd3 Kc5 38. Bb3 a5 39. a3 g5 40. Kc3 h6 41.
g3 Kc6 42. a4 Kd6 43. Kd4 f5 44. f4 g4 45. h4 Kd7 46. Ke5 Ke7 47. Bxe6 Kf8 48.
Kxf5 Ke7 49. Bc4 Kf8 50. Kxg4 Kg7 51. Kh5 Kf6 52. g4 Kg7 53. Bd3 b5 54. Bxb5 Kh7
55. f5 Kg7 56. Bd3 Kf6 57. Kxh6 1-0

[Event "Mistrzostwa Miedzywojewodzkie Juniorow OP-SL C11"]
[Site "OW ”Sudety” Pokrzywna "]
[Date "1899-12-30"]
[Round "6.10"]
[White "Martyniak, Milosz"]
[Black "Rzepka, Marcin"]
[Result "1-0"]
[WhiteTitle "II"]
[BlackTitle "III"]
[WhiteElo "1224"]
[BlackElo "1102"]

1. d4 d5 2. c4 Bf5 3. cxd5 Bxb1 4. Rxb1 Qxd5 5. a3 Nc6 6. e3 Nf6 7. Nf3 O-O-O 8.
g3 e5 9. Bh3+ Kb8 10. O-O exd4 11. exd4 Nxd4 12. Nxd4 Qxd4 13. Qxd4 Rxd4 14. Be3
Rd8 15. Bg2 Bd6 16. b4 h5 17. h4 Ng4 18. Bc5 Bxc5 19. bxc5 f6 20. Rxb7+ Kc8 21.
Rxa7 Kd7 22. Rd1+ Ke7 23. Rxc7+ Ke8 24. Bc6+ Kf8 25. Rxd8# 1-0